[Event "Barbera del Valles"]
[Site "XXX Open"]
[Date "2007.07.11"]
[Round "6"]
[White "Asensio Linan, Teodoro"]
[Black "Barbero Senidic, Alejandro"]
[Result "1-0"]
[WhiteElo "2275"]
[BlackElo "2163"]
[PlyCount "127"]
[EventDate "2007.07.??"]
[EventType "swiss"]
[EventRounds "9"]
[EventCountry "ESP"]

1. e4 e6 2. d4 d5 3. Nc3 Nf6 4. Bg5 dxe4 5. Nxe4 Be7 6. Bxf6 Bxf6 7. Nf3 O-O 8.
Qd2 Nd7 9. Bd3 b6 10. g4 Be7 11. O-O-O Bb7 12. Rhg1 c5 13. Qf4 Qb8 14. Qe3 cxd4
15. Nxd4 Bd5 16. Nc3 Bc5 17. Rg3 Bd6 18. Nxd5 exd5 19. Rf3 Ne5 20. Rh3 Ng6 21.
Qf3 Bf4+ 22. Kb1 Re8 23. Bb5 Be5 24. Bxe8 Qxe8 25. Rh5 Rc8 26. Qd3 Qd7 27. Nf3
Bf6 28. Rf5 Ne7 29. Rf4 Ng6 30. Rb4 Rd8 31. g5 Qe7 32. Qd2 Be5 33. Nxe5 Qxe5
34. f4 Qf5 35. Rd4 Ne7 36. Qe3 Rd7 37. b3 g6 38. Kb2 Nc6 39. Qe8+ Kg7 40. R4d3
d4 41. Qc8 Qd5 42. Kb1 Rd8 43. Qg4 Qc5 44. Qe2 Nb4 45. R3d2 Rd5 46. a3 Nc6 47.
Qc4 Qd6 48. Kb2 b5 49. Qf1 b4 50. a4 a5 51. Re1 Ne7 52. h4 Nf5 53. h5 Ne3 54.
h6+ Kf8 55. Qf3 Nf5 56. Qe4 Qd7 57. Rde2 Ne3 58. Rxe3 dxe3 59. Qxe3 Qd8 60. Qe4
Rd2 61. Kc1 Rf2 62. Rd1 Qc8 63. Qd3 Ke8 64. Qe3+ 1-0

[Event "Barbera del Valles"]
[Site "XXX Open"]
[Date "2007.07.11"]
[Round "6"]
[White "Mestre Bellido, Hector"]
[Black "Mohota, Swati"]
[Result "1-0"]
[WhiteElo "2370"]
[BlackElo "2121"]
[PlyCount "149"]
[EventDate "2007.07.??"]
[EventType "swiss"]
[EventRounds "9"]
[EventCountry "ESP"]

1. e4 d5 2. exd5 Qxd5 3. Nc3 Qa5 4. d4 Nf6 5. Nf3 Bf5 6. Bd2 c6 7. Ne4 Qc7 8.
Nxf6+ exf6 9. g3 Bd6 10. Qe2+ Qe7 11. Qxe7+ Kxe7 12. O-O-O Re8 13. Nh4 Be6 14.
Bd3 g6 15. Rde1 Kf8 16. Re2 Nd7 17. Rhe1 Kg8 18. f4 Nf8 19. c4 f5 20. Bc3 Bd7
21. d5 cxd5 22. cxd5 Rac8 23. Rxe8 Bxe8 24. Bxf5 Ra8 25. Bc2 Nd7 26. Ba4 Nf6
27. Bb3 Nd7 28. Nf3 Nc5 29. Bc2 Bb5 30. Nd4 Nd3+ 31. Kd2 Nxe1 32. Nxb5 Nxc2 33.
Nxd6 Rd8 34. Ne4 Rxd5+ 35. Kxc2 Rb5 36. Nf6+ Kf8 37. Nxh7+ Ke7 38. Ng5 f6 39.
Ne4 f5 40. Ng5 Kd6 41. Nf7+ Kd5 42. Ne5 Rb6 43. Kd3 Ra6 44. a3 b5 45. Bd4 Ra4
46. Bf2 b4 47. axb4 Rxb4 48. Kc3 a5 49. Nxg6 Rc4+ 50. Kd3 Rb4 51. Kc2 Re4 52.
Kd1 Rb4 53. Kc1 Rc4+ 54. Kb1 Ke4 55. Ne5 Rc8 56. b3 Rb8 57. Ka2 Rc8 58. Kb2 Rd8
59. Be1 Rd1 60. Bxa5 Rh1 61. Ka3 Rxh2 62. Nc4 Kd5 63. Kb4 Rh3 64. Bc7 Rxg3 65.
Be5 Rh3 66. Nd6 Ke6 67. Kc4 Rh1 68. b4 Rc1+ 69. Kb5 Rb1 70. Ka5 Rb3 71. b5 Rb1
72. Ka6 Rb3 73. b6 Ra3+ 74. Kb7 Rb3 75. Kc7 1-0

[Event "Barbera del Valles"]
[Site "XXX Open"]
[Date "2007.07.11"]
[Round "6"]
[White "Bautista Sanchez, Juan"]
[Black "Casanellas Ruano, Lluis"]
[Result "1-0"]
[WhiteElo "2233"]
[BlackElo "2091"]
[PlyCount "91"]
[EventDate "2007.07.??"]
[EventType "swiss"]
[EventRounds "9"]
[EventCountry "ESP"]

1. c4 e5 2. Nc3 Nf6 3. g3 Nc6 4. Bg2 Bc5 5. Nf3 O-O 6. d3 h6 7. O-O Re8 8. e3
d6 9. d4 exd4 10. exd4 Bb6 11. h3 Bf5 12. Be3 Qe7 13. Re1 Qd7 14. g4 Bg6 15. a3
a5 16. d5 Ne5 17. Nxe5 Rxe5 18. Bxb6 cxb6 19. Qd4 Rae8 20. Rxe5 Rxe5 21. f4 Re8
22. f5 Bxf5 23. gxf5 b5 24. cxb5 Qxf5 25. Rf1 Qc2 26. Rxf6 gxf6 27. Ne4 Qc1+
28. Bf1 Kf8 29. Qd2 Qxd2 30. Nxd2 Ke7 31. Nc4 Ra8 32. a4 Ra7 33. Bd3 Ra8 34.
Kf2 Ra7 35. b3 Ra8 36. Bf5 Ra7 37. Ke3 Ra8 38. Kd4 Ra7 39. Nb6 Kd8 40. Nc8 Ra8
41. Nxd6 b6 42. Nc4 Rb8 43. d6 Rb7 44. Kd5 h5 45. Kc6 Rb8 46. Nxb6 1-0

[Event "Barbera del Valles"]
[Site "XXX Open"]
[Date "2007.07.11"]
[Round "6"]
[White "Subirach Mancebo, Guillem"]
[Black "Ben Porat, Or"]
[Result "1-0"]
[WhiteElo "2021"]
[BlackElo "2193"]
[PlyCount "70"]
[EventDate "2007.07.??"]
[EventType "swiss"]
[EventRounds "9"]
[EventCountry "ESP"]

1. e4 e5 2. Nf3 Nc6 3. d4 exd4 4. Nxd4 Nf6 5. Nxc6 bxc6 6. Bd3 d5 7. exd5 cxd5
8. O-O Be7 9. Nd2 O-O 10. h3 c5 11. c3 Re8 12. Nf3 Ne4 13. Re1 Bf5 14. Bb5 Qd6
15. Bxe8 Rxe8 16. Qa4 Bd7 17. Qxa7 Bxh3 18. gxh3 Qg6+ 19. Kf1 Qf5 20. Ke2 Bh4
21. Be3 Bxf2 22. Bxf2 Ng5+ 23. Be3 Qxf3+ 24. Kd2 Qg2+ 25. Kc1 Nf3 26. Rd1 d4
27. Bd2 Ng1 28. Qd7 Ne2+ 29. Kc2 Qe4+ 30. Kb3 Rb8+ 31. Kc4 dxc3+ 32. Kxc5 Qb4+
33. Kd5 Qd4+ 34. Kc6 Rb6+ 35. Kc7 Qc5+ 1-0

[Event "Barbera del Valles"]
[Site "XXX Open"]
[Date "2007.07.11"]
[Round "6"]
[White "Del Valle Cirera, Adria"]
[Black "Nadal Garcia, Lluis"]
[Result "1-0"]
[WhiteElo "2072"]
[BlackElo "2073"]
[PlyCount "77"]
[EventDate "2007.07.??"]
[EventType "swiss"]
[EventRounds "9"]
[EventCountry "ESP"]

1. e4 e6 2. d4 d5 3. Nc3 Nf6 4. Bg5 Bb4 5. Nge2 dxe4 6. a3 Be7 7. Bxf6 Bxf6 8.
Nxe4 O-O 9. Qd3 b6 10. Qf3 c6 11. Nxf6+ Qxf6 12. Qxf6 gxf6 13. g3 Bb7 14. Bg2
Na6 15. Nc3 Rad8 16. O-O-O Ba8 17. Rhe1 Rd7 18. Na2 Rfd8 19. c3 Kf8 20. Nb4 Nb8
21. f4 a5 22. Nc2 Na6 23. f5 Nc7 24. Ne3 b5 25. b4 axb4 26. axb4 Nd5 27. fxe6
fxe6 28. Nxd5 exd5 29. Bh3 Re7 30. Rxe7 Kxe7 31. Re1+ Kf7 32. Bg4 Bb7 33. Bh5+
Kg8 34. Re6 Rf8 35. Re7 Bc8 36. Rc7 Bf5 37. Rxc6 Bd3 38. Bf3 Bc4 39. Rd6 1-0

[Event "Barbera del Valles"]
[Site "XXX Open"]
[Date "2007.07.11"]
[Round "6"]
[White "Molano Lafuente, Ismael"]
[Black "Torner Planell, Jordi"]
[Result "1/2-1/2"]
[WhiteElo "1951"]
[BlackElo "1977"]
[PlyCount "28"]
[EventDate "2007.07.??"]
[EventType "swiss"]
[EventRounds "9"]
[EventCountry "ESP"]

1. e4 c5 2. Nf3 Nc6 3. d4 cxd4 4. Nxd4 Nf6 5. Nc3 d6 6. Bg5 Bd7 7. Qd2 Nxd4 8.
Qxd4 Qa5 9. Bxf6 gxf6 10. O-O-O Bg7 11. f4 Rc8 12. f5 Bh6+ 13. Kb1 Bf4 14. Qd5
Qxd5 1/2-1/2

[Event "Barbera del Valles"]
[Site "XXX Open"]
[Date "2007.07.11"]
[Round "6"]
[White "Ortega Serra, Marc"]
[Black "Losada Cabrera, Francisco Javier"]
[Result "1-0"]
[WhiteElo "1933"]
[BlackElo "2163"]
[PlyCount "75"]
[EventDate "2007.07.??"]
[EventType "swiss"]
[EventRounds "9"]
[EventCountry "ESP"]

1. d4 c5 2. d5 Nf6 3. c4 b5 4. Qc2 g6 5. e4 bxc4 6. Bxc4 d6 7. f4 Bg7 8. Nf3
O-O 9. O-O Ba6 10. Rd1 Nfd7 11. Na3 Nb6 12. Rb1 Nxc4 13. Nxc4 Nd7 14. b3 Rb8
15. Bb2 Bxc4 16. Qxc4 Rb4 17. Qe2 Bxb2 18. Rxb2 Qb6 19. Qc2 Rb8 20. Kh1 a5 21.
Nd2 a4 22. Ra1 Qb5 23. Rbb1 axb3 24. axb3 Rd4 25. Nc4 Nf6 26. Ra5 Qd7 27. Re1
Qg4 28. Ra7 Re8 29. e5 Nxd5 30. exd6 Nb4 31. Qc3 Nd3 32. Raxe7 Rd8 33. Ne5 Nxe5
34. fxe5 Rd1 35. h3 Rxe1+ 36. Qxe1 Qc8 37. Qf2 Rf8 38. Qf6 1-0

[Event "Barbera del Valles"]
[Site "XXX Open"]
[Date "2007.07.11"]
[Round "6"]
[White "Costa Trave, Jaume"]
[Black "Jose Iraeta, Alexandre"]
[Result "1-0"]
[WhiteElo "2013"]
[BlackElo "2190"]
[PlyCount "81"]
[EventDate "2007.07.??"]
[EventType "swiss"]
[EventRounds "9"]
[EventCountry "ESP"]

1. d4 d5 2. Nc3 Nf6 3. Bf4 c6 4. e3 Bf5 5. f3 h6 6. g4 Bh7 7. h4 g5 8. Bg3 Bg7
9. Bg2 Nfd7 10. Qd2 Na6 11. hxg5 hxg5 12. a3 Qa5 13. Nge2 Nb6 14. b3 O-O-O 15.
O-O Rde8 16. Qd1 Nd7 17. b4 Qb6 18. Rb1 Nc7 19. a4 a6 20. b5 axb5 21. axb5 Nxb5
22. Nxb5 cxb5 23. Nc3 e5 24. Nxb5 Re6 25. Qd2 Kd8 26. Rfd1 exd4 27. Bc7+ Qxc7
28. Nxc7 Kxc7 29. exd4 Rc6 30. Rb2 Bf6 31. Qa5+ Nb6 32. c3 Ra8 33. Qb4 Ra4 34.
Qf8 Bg6 35. Re1 Rxc3 36. Re7+ Bxe7 37. Qxe7+ Nd7 38. Rxb7+ Kxb7 39. Qxd7+ Rc7
40. Qxa4 Kc8 41. Qe8+ 1-0

[Event "Barbera del Valles"]
[Site "XXX Open"]
[Date "2007.07.11"]
[Round "6"]
[White "Castro Exposito, Cristobal"]
[Black "Penas Hernandez, Yolanda"]
[Result "0-1"]
[WhiteElo "1916"]
[BlackElo "2034"]
[PlyCount "50"]
[EventDate "2007.07.??"]
[EventType "swiss"]
[EventRounds "9"]
[EventCountry "ESP"]

1. d4 f5 2. Nf3 Nf6 3. Bf4 g6 4. e3 Bg7 5. Bc4 e6 6. h3 O-O 7. Nbd2 Nc6 8. Qe2
d5 9. Bd3 Nb4 10. c3 Nxd3+ 11. Qxd3 b6 12. Ne5 Bb7 13. f3 Nh5 14. O-O-O c5 15.
Rdg1 a5 16. g4 Ba6 17. Qb1 Nxf4 18. exf4 cxd4 19. cxd4 Qe8 20. b3 a4 21. h4 Be2
22. Kb2 Qb5 23. Rh2 a3+ 24. Ka1 Qb4 25. Qc2 Qxd4+ 0-1

[Event "Barbera del Valles"]
[Site "XXX Open"]
[Date "2007.07.11"]
[Round "6"]
[White "Sanahuja Palomo, Alex"]
[Black "Hernandez Funes, Ruben"]
[Result "0-1"]
[WhiteElo "2029"]
[BlackElo "2015"]
[PlyCount "76"]
[EventDate "2007.07.??"]
[EventType "swiss"]
[EventRounds "9"]
[EventCountry "ESP"]

1. e4 c5 2. d4 cxd4 3. c3 dxc3 4. Nxc3 Nc6 5. Nf3 d6 6. Bc4 a6 7. O-O Nf6 8. e5
dxe5 9. Qxd8+ Nxd8 10. Nxe5 Bf5 11. Be3 Rc8 12. Rfd1 e6 13. Rxd8+ Rxd8 14. Bb6
Rc8 15. Bb3 Bb4 16. Ba4+ Ke7 17. Rd1 Bxc3 18. bxc3 Nd5 19. Ba5 Rc5 20. Bb4 Nxb4
21. Rd7+ Kf6 22. f4 Bg6 23. cxb4 Rc1+ 24. Kf2 b5 25. Bd1 h5 26. g3 Rhc8 27. h3
Rb1 28. g4 Rb2+ 29. Kg3 Rc3+ 30. Bf3 Rxa2 31. Kh4 Raa3 32. Kg3 Rxf3+ 33. Nxf3
Be4 34. Kh4 Rxf3 35. g5+ Kg6 36. f5+ Bxf5 37. Rd3 Rf4+ 38. Kg3 Rxb4 0-1

[Event "Barbera del Valles"]
[Site "XXX Open"]
[Date "2007.07.12"]
[Round "7"]
[White "Jovanic, Ognjen"]
[Black "Jankovic, Alojzije"]
[Result "1/2-1/2"]
[WhiteElo "2491"]
[BlackElo "2536"]
[PlyCount "30"]
[EventDate "2007.07.??"]
[EventType "swiss"]
[EventRounds "9"]
[EventCountry "ESP"]

1. d4 Nf6 2. c4 c5 3. d5 b5 4. a4 b4 5. Nd2 e5 6. g3 d6 7. Bg2 g6 8. e4 Bh6 9.
Ngf3 a5 10. O-O O-O 11. b3 Ra7 12. Ne1 Nh5 13. Ra2 Qe8 14. Nd3 f5 15. exf5 gxf5
1/2-1/2

[Event "Barbera del Valles"]
[Site "XXX Open"]
[Date "2007.07.12"]
[Round "7"]
[White "Asis Gargatagli, Hipolit"]
[Black "Cuartas, Jaime Alexander"]
[Result "1/2-1/2"]
[WhiteElo "2374"]
[BlackElo "2504"]
[PlyCount "141"]
[EventDate "2007.07.??"]
[EventType "swiss"]
[EventRounds "9"]
[EventCountry "ESP"]

1. d4 d5 2. c4 c6 3. Nf3 Nf6 4. Nc3 a6 5. c5 Bf5 6. Bf4 Nbd7 7. h3 e6 8. e3 Be7
9. Be2 Qc8 10. g4 Bg6 11. Ne5 Nxe5 12. Bxe5 h6 13. Na4 Bd8 14. f3 Bc7 15. Nb6
Bxb6 16. cxb6 Qd8 17. Bc7 Qe7 18. Qb3 O-O 19. Kd2 Nd7 20. Qa3 Qxa3 21. bxa3 f6
22. Rac1 e5 23. h4 Rfe8 24. g5 exd4 25. exd4 Re6 26. gxh6 Rae8 27. Rce1 gxh6
28. Bxa6 bxa6 29. Rxe6 Rxe6 30. b7 Bh5 31. Re1 Rxe1 32. Kxe1 Bxf3 33. b8=Q+
Nxb8 34. Bxb8 Be4 35. Kf2 Bb1 36. Kg3 Bxa2 37. Bd6 Kf7 38. Kf4 Bb3 39. Bb4 Kg6
40. Be7 Bc2 41. Bf8 a5 42. Be7 a4 43. Bf8 Kh5 44. Kg3 f5 45. Be7 Be4 46. Bf6
Kg6 47. Be7 Kf7 48. Bc5 Ke6 49. Kf4 Kf6 50. Bf8 Kg6 51. Be7 Bc2 52. Kg3 Kh5 53.
Bf6 Bb1 54. Be5 Bd3 55. Bf6 Kg6 56. Be7 Kf7 57. Bc5 Ke6 58. Kf4 Be2 59. Bf8 h5
60. Ke3 Bg4 61. Bh6 Kd7 62. Bf4 Kc8 63. Kd2 Kb7 64. Kc3 Kb6 65. Be5 c5 66. Bd6
cxd4+ 67. Kxd4 Kc6 68. Bf4 Bf3 69. Bg5 Kd6 70. Bf4+ Ke6 71. Bg5 1/2-1/2

[Event "Barbera del Valles"]
[Site "XXX Open"]
[Date "2007.07.12"]
[Round "7"]
[White "Vehi Bach, Victor"]
[Black "Gonzalez Vidal, Yuri"]
[Result "1/2-1/2"]
[WhiteElo "2388"]
[BlackElo "2475"]
[PlyCount "52"]
[EventDate "2007.07.??"]
[EventType "swiss"]
[EventRounds "9"]
[EventCountry "ESP"]

1. e4 c5 2. Nf3 d6 3. d4 cxd4 4. Nxd4 Nf6 5. Nc3 a6 6. Be3 e5 7. Nb3 Be7 8. Be2
Be6 9. Nd5 Nbd7 10. Qd3 Rc8 11. c4 O-O 12. O-O Bxd5 13. cxd5 Nc5 14. Nxc5 dxc5
15. b3 Ne8 16. Rac1 b6 17. b4 a5 18. bxc5 Bxc5 19. Bxc5 bxc5 20. Bg4 Rc7 21.
Qa3 Nd6 22. Qxa5 Nxe4 23. Bf3 Ng5 24. Rxc5 Nxf3+ 25. gxf3 Qg5+ 26. Kh1 Qf5
1/2-1/2

[Event "Barbera del Valles"]
[Site "XXX Open"]
[Date "2007.07.12"]
[Round "7"]
[White "Fluvia, Jordi"]
[Black "Alonso Rosell, Alvar"]
[Result "1-0"]
[WhiteElo "2497"]
[BlackElo "2285"]
[PlyCount "35"]
[EventDate "2007.07.??"]
[EventType "swiss"]
[EventRounds "9"]
[EventCountry "ESP"]

1. e4 c5 2. Nf3 d6 3. d4 cxd4 4. Nxd4 Nf6 5. Nc3 a6 6. Be3 Ng4 7. Bc4 Nxe3 8.
fxe3 e6 9. O-O Be7 10. Rxf7 Kxf7 11. Qg4 Rf8 12. Bxe6+ Bxe6 13. Nxe6 Qd7 14.
Rf1+ Ke8 15. Nxg7+ Kd8 16. Ne6+ Kc8 17. Rxf8+ Bxf8 18. Nd5 1-0

[Event "Barbera del Valles"]
[Site "XXX Open"]
[Date "2007.07.12"]
[Round "7"]
[White "Pakleza, Zbigniew"]
[Black "Pena Riasco, Alexander"]
[Result "1-0"]
[WhiteElo "2463"]
[BlackElo "2295"]
[PlyCount "78"]
[EventDate "2007.07.??"]
[EventType "swiss"]
[EventRounds "9"]
[EventCountry "ESP"]

1. d4 Nf6 2. Nf3 g6 3. c4 Bg7 4. Nc3 d6 5. Bg5 O-O 6. e3 Nbd7 7. Be2 c6 8. O-O
Re8 9. Bh4 h6 10. Qc2 Nf8 11. h3 Bf5 12. e4 Nxe4 13. Nxe4 d5 14. Bd3 dxe4 15.
Bxe4 Bxe4 16. Qxe4 Qb6 17. b3 Ne6 18. Rad1 c5 19. dxc5 Nxc5 20. Qe3 e5 21. Rd5
Rac8 22. Bg3 e4 23. Ne5 Re6 24. Rfd1 Bf8 25. Qf4 f5 26. h4 h5 27. Qg5 Rce8 28.
b4 Nd3 29. c5 Qa6 30. Nxd3 exd3 31. R5xd3 Qxa2 32. Kh2 Be7 33. Qf4 Re4 34. Qc7
f4 35. Bxf4 Qxf2 36. Bg3 Qf5 37. Rf3 Qg4 38. Rd7 b6 39. Qc6 Qe6 1-0

[Event "Barbera del Valles"]
[Site "XXX Open"]
[Date "2007.07.12"]
[Round "7"]
[White "Chamba, Antoine"]
[Black "Aloma Vidal, Robert"]
[Result "0-1"]
[WhiteElo "2091"]
[BlackElo "2341"]
[PlyCount "44"]
[EventDate "2007.07.??"]
[EventType "swiss"]
[EventRounds "9"]
[EventCountry "ESP"]

1. e4 c5 2. Nf3 Nc6 3. g3 d5 4. exd5 Qxd5 5. Bg2 Bg4 6. Nc3 Qe6+ 7. Qe2 Qxe2+
8. Nxe2 O-O-O 9. a3 e5 10. d3 f5 11. Ng5 Rd7 12. Ne6 Nf6 13. Nxf8 Rxf8 14. f3
Bh5 15. Be3 Nd4 16. Nxd4 cxd4 17. Bf2 g5 18. O-O-O g4 19. Rde1 gxf3 20. Bh3 Bg4
21. Bf1 e4 22. h3 e3 0-1

[Event "Barbera del Valles"]
[Site "XXX Open"]
[Date "2007.07.12"]
[Round "7"]
[White "Ryan, Joseph"]
[Black "Almeida Toledano, Daniel"]
[Result "1-0"]
[WhiteElo "2320"]
[BlackElo "2254"]
[PlyCount "79"]
[EventDate "2007.07.??"]
[EventType "swiss"]
[EventRounds "9"]
[EventCountry "ESP"]

1. e4 e6 2. d4 d5 3. Nc3 Nf6 4. e5 Nfd7 5. f4 c5 6. Nf3 Nc6 7. Be3 Be7 8. Qd2
O-O 9. Be2 a6 10. O-O b5 11. Nd1 b4 12. dxc5 Nxc5 13. Nd4 Nxd4 14. Bxd4 a5 15.
Qe3 Qc7 16. Bf3 Ba6 17. Re1 Rfc8 18. Nf2 Bb7 19. Rac1 Qd8 20. a3 Qe8 21. g4 Rc7
22. f5 Bf8 23. f6 g6 24. Re2 Rac8 25. Rd1 Na4 26. Rc1 Rc4 27. Nd3 Nc5 28. Nxc5
Bxc5 29. Bxc5 R8xc5 30. Kf2 Qf8 31. Rd2 Rc7 32. Kg3 h6 33. h4 Kh7 34. h5 g5 35.
Be2 Rf4 36. Bd3+ Kg8 37. Rf2 Rxf2 38. Kxf2 Qa8 39. Qb6 Rc6 40. Qd4 1-0

[Event "Barbera del Valles"]
[Site "XXX Open"]
[Date "2007.07.12"]
[Round "7"]
[White "Benedic, Patrick"]
[Black "Garcia Gimenez, Francisco Javier"]
[Result "0-1"]
[WhiteElo "2053"]
[BlackElo "2287"]
[PlyCount "82"]
[EventDate "2007.07.??"]
[EventType "swiss"]
[EventRounds "9"]
[EventCountry "ESP"]

1. e4 d5 2. exd5 Qxd5 3. Nc3 Qa5 4. d4 Nf6 5. Bc4 Bf5 6. Bd2 Qb6 7. Nge2 e6 8.
Bb3 c6 9. O-O Bd6 10. h3 Nbd7 11. Qc1 O-O 12. Bf4 Bxf4 13. Qxf4 Nd5 14. Bxd5
cxd5 15. Nxd5 Qxb2 16. Ne7+ Kh8 17. Nxf5 Qxc2 18. Nxg7 Qxe2 19. Rfe1 Qb5 20.
Re5 Nxe5 21. dxe5 Qd3 22. Nh5 Qf5 23. Qxf5 exf5 24. Nf6 Rac8 25. Rb1 b6 26. Rb4
Rfd8 27. Rh4 Kg7 28. Rxh7+ Kf8 29. h4 Ke7 30. h5 Rc5 31. f4 Rc4 32. Rg7 Rxf4
33. g3 Rc4 34. Kg2 Ke6 35. h6 Rc2+ 36. Kh3 Rd1 37. Kh4 Kxe5 38. Kg5 Rh1 39. h7
Rg2 40. Nh5 Rxh5+ 41. Kxh5 Kf6 0-1